000 01005nam a2200265Ia 4500
003 OSt
005 20221005105152.0
006 a|||||r|||| 00| 0
007 ta
008 221004b |||||||| |||| 00| 0 hin d
020 _a9788179756164 (hbk)
_c400
024 _a21452
037 _b492, 25/03/2015, Swaraj Prakashan
_cTextual
040 _aCRL
_cCRL
_bhin
041 _2hin
_ahin
082 _aO152:gN9, Q4
100 _aयादव, चौथीराम
245 0 _aउत्तरशती के विमर्श और हाशिण् का समाज
246 _aUttarashatī ke vimarsha aur hāshiṇ kā samāja
260 _aनई दिल्ली
_bअनामिका पब्लिशर्स भारत
_c2014
300 _a164पृ0
_ccm.
650 _aहिन्दी साहित्य
942 _hO152:gN9, Q4
_cTEXL
_2cc
999 _c1014988
_d1014988